| 000 | 00853nam a2200241Ia 4500 | ||
|---|---|---|---|
| 003 | OSt | ||
| 005 | 20220927105652.0 | ||
| 006 | a|||||r|||| 00| 0 | ||
| 007 | ta | ||
| 008 | 220926b |||||||| |||| 00| 0 eng d | ||
| 024 | _a195203 | ||
| 037 | _cReference Collections | ||
| 040 |
_aRTL _cRTL _beng |
||
| 041 |
_2eng _aeng |
||
| 082 | _a"X:54.4, P7/Th" | ||
| 100 |
_aAGGARWAL Sonia Gupta _9374116 |
||
| 245 | 0 |
_aTrade openness and economic growth _b A study of selected Asian countries. |
|
| 260 |
_a"Delhi," _b"University of Delhi, " _c2007 |
||
| 300 |
_a196p Bibliography: P 183-96 _ccm. |
||
| 490 | _a"University of Delhi, Business Economics (Deptt. of-), Thesis. Thesis, University of Delhi, Business Economics (Deptt. of-" | ||
| 942 |
_h"X:54.4, P7/Th" _cCC |
||
| 999 |
_c693810 _d693810 |
||